| 000 | 00757nam a2200217Ia 4500 | ||
|---|---|---|---|
| 003 | GCL | ||
| 008 | 140319s9999 xx 000 0 ara d | ||
| 020 | _a6085040177 | ||
| 040 |
_aGCL / _cGCL |
||
| 082 | 0 | 4 |
_a016.9567043 _bس ا |
| 100 | 1 | _aمصطفى حسام الدين | |
| 245 | 1 | 0 |
_aالازمة والحرب فى الخليج امانة الكلمة والضبط الببليوجرافى / _cمصطفى حسام الدين |
| 700 | 1 | _aسعد محمد الهجرسى | |
| 260 |
_aالقاهرة : _bالعربى للنشر والتوزيع ، _c1993 |
||
| 300 |
_a352 ص ؛ _c24 سم |
||
| 490 | _a | ||
| 650 | 0 | 4 | _aحرب الخليج |
| 650 | 0 | 4 | _aبيليوجرافيات |
| 650 | 0 | 4 | _aالضبط الببليوجرافى |
| 942 |
_2ddc _cBK |
||
| 999 |
_c28721 _d28721 |
||